000 00837nam a22001457a 4500
008 110615t xxu||||| |||| 00| 0 eng d
010 _aCACAF44
245 _aCourt of Appeal Criminal Appeal No. 67 OF 1999 Dr. John Mudusu Vs Uganda
260 _c1999
500 _aCoram: Hon. Mr. Justice G.M. Okello, JA; Hon. Mr. Justice S.G. Engwau, JA.; Hon. Mr. Justice A. Twinomujuni, JA.
500 _aAppeal from the decision of the High Court Kania J. sitting at Mbale on 28/5/99 in Criminal Appeal No. 56 of 1998
999 _c3025
_d3025